LEADER 00852naa a2200205 u 4500 001 000000099149 003 CaOOAMICUS 005 20070226130157.0 008 050928s1982 it u000 u ita u 035 $a11060365 040 $aIAR$bita 100 1 $aVignaux, Paul,$d1904-1987.$0(OLS)http://pul/name/1571 245 10$aCattolici francesi di fronte ai fascismi e alla guerra di Spagna /$cPaul Vignaux. 260 $aBologna :$bEd. Dehoniane,$c1982. 300 $aS. 343-408 ;$c22 cm 730 0 $aCristianesimo nella storia$g[Spogli].$0(OLS)http://pul/title/7312 773 0 $aCristianesimo nella storia ;.$tvol. III/2 (1982) 773 0 $tCristianesimo nella storia$w()5012 996 $6245$aCattolici francesi di fronte ai fascismi e alla guerra di Spagna$9(OLS)http://pul/title/126028 996 $6260$aBologna :$bEd. Dehoniane$9(OLS)http://pul/publisher/48282 LEADER 01427nam a2200337 u 4500 001 000000047279 003 CaOOAMICUS 005 20070226114852.0 008 990730s1988 it u000 u ita u 020 $a8826305218 035 $a10831454 040 $aPUL(R)$bita 100 1 $aCalati, Benedetto,$cO.S.B.Cam.,$d1914-$0(OLS)http://pul/name/24864 245 13$aLa spiritualità del Medioevo /$cB. Calati, R. Grégoire, A. Blasucci ; introduzione di Gennaro Bove. 260 $aRoma :$bBorla,$c1988. 300 $axiv, 506 p. ;$c24 cm 490 1 $aStoria della spiritualità ;$v4 500 $aContiene indici. 504 $aBibliografia in nota. 650 4$aSpiritualità cristiana.$0(OLS)http://pul/subject/13929 700 1 $aBove, Gennaro.$0(OLS)http://pul/name/34373 700 1 $aGrégoire, Réginald,$cO.S.B.,$d1935-$0(OLS)http://pul/name/34372 700 1 $aBlasucci Antonio,$cO.M.Conv.,$d1911-$0(OLS)http://pul/name/18694 830 0$aStoria della spiritualità ;$v4.$0(OLS)http://pul/title/63571 850 $aPUL 852 $aPUL$W1$xSL Religione 1$y3$m41 F 124$j63209$nBK-PRI$b $qStampati$B63209$CPULBib$Z2$F63209 $H $81 941 1 $a8 961 $aINV: 65345 996 $6020$a8826305218$9(OLS)http://pul/number/58938 996 $6245$aLa spiritualità del Medioevo$9(OLS)http://pul/title/63637 996 $6260$aRoma :$bBorla$9(OLS)http://pul/publisher/48061